000 00685nam a2200205Ii 4500
003 JO-AjNU
008 230605s9999||||xx |||||||||||||| ||und||
040 _aJO-AjNU
_bara
_erda
_cJO-AjNU
041 _aara
050 1 4 _aRA781.R33 1998
100 3 _aرحمة ، ابراهيم,
_eauthor
_918938
245 0 0 _aتاثير الجوانب الصحية على النشاط البدني الرياضي
250 _aط1
264 3 1 _aعمان:دار الفكر ، 1998
300 _a95ص
336 _atext
_btxt
_2rdacontent
337 _aunmediated
_bn
_2rdamedia
338 _avolume
_bnc
_2rdacarrier
650 4 _aالعلوم التطبيقية-اللياقة البدنية
_918939
999 _aA6150
_c9718
_d9718